logo

Bir Sreshtho Munshi Abdur Rouf Library
Jhenaidah Cadet College

দূরে কোথায় / (Record no. 596)

MARC details
000 -LEADER
fixed length control field 00706nam a22002297a 4500
001 - CONTROL NUMBER
JCCL Control Number 596
003 - CONTROL NUMBER IDENTIFIER
JCCL marc code BD-JhCC
005 - DATE AND TIME OF LATEST TRANSACTION
control field 20221107134024.0
008 - FIXED-LENGTH DATA ELEMENTS--GENERAL INFORMATION
fixed length control field 171007s19872014bg |||| |||| 000 0 ben d
020 ## - INTERNATIONAL STANDARD BOOK NUMBER
International Standard Book Number 984410016X
035 ## - SYSTEM CONTROL NUMBER
system control number (BD-JhCC)596
040 ## - CATALOGING SOURCE
Original cataloging agency BD-JhCC
Modifying agency BD-JhCC
041 ## - LANGUAGE CODE
Language code of Book eng
082 ## - DEWEY DECIMAL CLASSIFICATION NUMBER
Classification number 891.443
Author mark and Year AHM 2014
100 ## - MAIN ENTRY--PERSONAL NAME
Personal name আহমেদ, হুমায়ূন
245 ## - TITLE STATEMENT
Title দূরে কোথায় /
Statement of responsibility, etc হুমায়ূন আহমেদ
260 ## - PUBLICATION, DISTRIBUTION, ETC. (IMPRINT)
Place of publication, distribution, etc ঢাকা:
Name of publisher, distributor, etc মাওলা ব্রাদার্স,
Date of publication, distribution, etc ২০১৪.
300 ## - PHYSICAL DESCRIPTION
Pagination ১৯১ পৃ.:
Dimensions ২২ সেমি
650 ## - SUBJECT ADDED ENTRY--TOPICAL TERM
Topical term or geographic name as entry element Bengali Novel
942 ## - ADDED ENTRY ELEMENTS (KOHA)
Source of classification or shelving scheme Dewey Decimal Classification
Koha item type Books
Koha issues (borrowed), all copies 17
Holdings
Source of classification or shelving scheme Damaged status Not for loan Home library Current library Shelving location Date of accession Source of acquisition Cost, normal purchase price Total Checkouts Full call number Barcode Date last seen Date checked out Copy number Koha item type
Dewey Decimal Classification     JCC Rouf Library JCC Rouf Library General Stacks 10/07/2017 IPDC 300.00 27 891.443 AHM 2014 1675 12/06/2025 08/18/2025 C-1 Books

JCC Library | Contacts | JCC Home

Last Update on 23 September 2017
Copyright @ 2017-2020 JCC Rouf Library
Rouf Library, Jhenidah Cadet College (JCC), Bangladesh